[Event "Skopje op"]
[Site "Skopje"]
[Date "2023.12.07"]
[Round "2"]
[White "Zlatkov, Anton"]
[Black "Velkoski, Stojan"]
[Result "1/2-1/2"]
[WhiteElo "2204"]
[BlackElo "2035"]
[PlyCount "93"]
[EventDate "2023.12.06"]
[EventType "swiss"]
[EventRounds "9"]
[EventCountry "MKD"]
[SourceTitle "CB50_2023"]
[SourceDate "2023.12.13"]
[SourceVersion "1"]
[SourceVersionDate "2023.12.13"]
[SourceQuality "1"]

1. Nf3 e6 2. g3 d5 3. Bg2 Nf6 4. 0-0 Be7 5. c4 0-0 6. d4 Nbd7 7. Qc2 c6 8. Nbd2 b6 9. e4 dxc4 10. Nxc4 Bb7 11. Rd1 c5 12. e5 Nd5 13. Qe4 b5 14. Nd6 Bxd6 15. exd6 N7f6 16. Qe5 c4 17. Bg5 Qb6 18. a4 a6 19. Bxf6 Nxf6 20. Qc5 Nd7 21. Qb4 Rad8 22. axb5 axb5 23. Ra5 Bc6 24. Ne5 Nb8 25. Nxc4 Na6 26. Qb3 Qb7 27. Bxc6 Qxc6 28. Qxb5 Qf3 29. Rda1 Nb8 30. Ra8 h5 31. R8a3 Qg4 32. Rd3 h4 33. d5 h3 34. f3 Qf5 35. Rad1 Nd7 36. Qc6 Rc8 37. Qxd7 Rxc4 38. Qb5 Rc2 39. d7 Qe5 40. Rc3 Rxc3 41. bxc3 Qe3+ 42. Kf1 Qxf3+ 43. Ke1 Qxc3+ 44. Rd2 Qe3+ 45. Kd1 Ra8 46. Qa5 Qf3+ 47. Kc2 1/2-1/2

[Event "FRM-ch U18"]
[Site "Struga"]
[Date "2023.06.20"]
[Round "4"]
[White "Velkoski, Stojan"]
[Black "Petreski, Leonid"]
[Result "0-1"]
[WhiteElo "1936"]
[BlackElo "2097"]
[PlyCount "118"]
[EventDate "2023.06.17"]
[EventType "swiss"]
[EventRounds "6"]
[EventCountry "MKD"]
[SourceTitle "EXT 2024"]
[Source "ChessBase"]
[SourceDate "2023.10.10"]
[SourceVersion "1"]
[SourceVersionDate "2023.10.10"]
[SourceQuality "1"]

1. e4 c5 2. Nf3 d6 3. d4 cxd4 4. Nxd4 Nf6 5. Nc3 g6 6. Be3 Bg7 7. f3 0-0 8. Qd2 Nc6 9. 0-0-0 d5 10. Qe1 e5 11. Nxc6 bxc6 12. exd5 Nxd5 13. h4 Qe7 14. Bc4 Nxe3 15. Qxe3 Rb8 16. Ne4 a5 17. Qc5 Qxc5 18. Nxc5 Bh6+ 19. Kb1 Be3 20. Ne4 Bf5 21. c3 Kg7 22. Rd3 Bb6 23. Rd6 Rbc8 24. h5 gxh5 25. Rxh5 Bg6 26. Rh4 Rfd8 27. Rd3 f5 28. Ng5 Rxd3 29. Bxd3 Be3 30. Nh3 Rd8 31. Kc2 f4 32. Bxg6 hxg6 33. Rg4 Rd2+ 34. Kb1 Rd1+ 35. Kc2 Rd2+ 36. Kb1 a4 37. Ng5 Rd1+ 38. Kc2 Rd2+ 39. Kb1 Rd1+ 40. Kc2 Rc1+ 41. Kd3 Rb1 42. Kc2 Re1 43. Ne4 c5 44. Nd6 Rc1+ 45. Kd3 Rd1+ 46. Kc4 Rxd6 47. b4 Bf2 48. a3 Kf6 49. Kb5 Rd3 50. Kc4 Rd8 51. Kb5 g5 52. Kxa4 Bh4 53. bxc5 Ke6 54. c4 Kd7 55. g3 fxg3 56. Re4 Kc6 57. Kb4 Rb8+ 58. Kc3 Rb1 59. a4 g2 0-1

[Event "EU-ch 23rd"]
[Site "Vrnjacka Banja"]
[Date "2023.03.08"]
[Round "6"]
[White "Tifferet, Shaked"]
[Black "Velkoski, Stojan"]
[Result "1-0"]
[WhiteElo "2219"]
[BlackElo "1868"]
[PlyCount "91"]
[EventDate "2023.03.03"]
[EventType "swiss"]
[EventRounds "11"]
[EventCountry "SRB"]
[SourceTitle "CBM 213"]
[Source "ChessBase"]
[SourceDate "2023.04.30"]
[SourceVersion "1"]
[SourceVersionDate "2023.04.30"]
[SourceQuality "1"]

1. c4 Nf6 2. Nc3 d5 3. cxd5 Nxd5 4. Nf3 g6 5. h4 h5 6. d3 Bg7 7. Bd2 c5 8. g3 0-0 9. Bg2 Nxc3 10. Bxc3 Nc6 11. Bxg7 Kxg7 12. 0-0 Bg4 13. Rc1 b6 14. d4 Bxf3 15. Bxf3 Nxd4 16. Bxa8 Qxa8 17. b4 Qe4 18. Re1 cxb4 19. Qd2 a5 20. Rc7 Rd8 21. Qe3 Qxe3 22. fxe3 Nf5 23. Kf2 Rd2 24. e4 Nd6 25. Rxe7 Kf6 26. Rc7 Rxa2 27. Rd1 Nxe4+ 28. Kf3 Nc5 29. Rd6+ Ne6 30. Rxb6 Ra3+ 31. e3 b3 32. Ra7 a4 33. Rbb7 Nd8 34. Rb4 Ra1 35. Raxa4 b2 36. Rb6+ Ne6 37. Rab4 Rf1+ 38. Kg2 Re1 39. Kf2 Rh1 40. Rxb2 Kf5 41. Kg2 Rc1 42. Rf2+ Ke4 43. Rxf7 Nc5 44. Rxg6 Kxe3 45. Rf3+ Ke2 46. Rc6 1-0

[Event "EU-ch Amateur U2000"]
[Site "Zagreb"]
[Date "2022.08.16"]
[Round "3"]
[White "Szwaj, Jacek"]
[Black "Velkoski, Stojan"]
[Result "0-1"]
[WhiteElo "1913"]
[BlackElo "1932"]
[PlyCount "86"]
[EventDate "2022.08.14"]
[EventType "swiss"]
[EventRounds "9"]
[EventCountry "CRO"]
[SourceTitle "CBM 210 Extra"]
[Source "ChessBase"]
[SourceDate "2022.11.30"]
[SourceVersion "1"]
[SourceVersionDate "2022.11.30"]
[SourceQuality "1"]

1. Nf3 Nf6 2. g3 c5 3. Bg2 Nc6 4. 0-0 e5 5. e4 Be7 6. Nc3 0-0 7. d3 a6 8. a4 Qc7 9. Bg5 Nb4 10. Nd2 Nfd5 11. Nxd5 Nxd5 12. Bxe7 Nxe7 13. Nc4 d6 14. Qe2 Bd7 15. a5 Rad8 16. f4 f6 17. Nb6 Be6 18. Nd5 Bxd5 19. exd5 exf4 20. Qe6+ Kh8 21. Rae1 Ng6 22. Be4 f5 23. Bxf5 Ne5 24. Be4 Rf6 25. Qh3 g5 26. gxf4 gxf4 27. Kh1 Rdf8 28. Rf2 Qe7 29. Ref1 f3 30. c3 Rf4 31. Rg1 Rh4 32. Qg3 Ng4 33. Rxf3 Rxf3 34. Bxf3 Rxh2+ 35. Qxh2 Nxh2 36. Kxh2 Qh4+ 37. Kg2 Qg5+ 38. Kh2 Qd2+ 39. Rg2 Qxd3 40. Be2 Qxd5 41. Kg1 Qa2 42. Bd3 Qxa5 43. Re2 c4 0-1

[Event "FRM-ch op"]
[Site "Skopje"]
[Date "2022.05.03"]
[Round "7"]
[White "Kalin, Andrei"]
[Black "Velkoski, Stojan"]
[Result "0-1"]
[WhiteElo "1641"]
[BlackElo "1940"]
[PlyCount "56"]
[EventDate "2022.04.29"]
[EventType "swiss"]
[EventRounds "9"]
[EventCountry "MKD"]
[SourceTitle "CBM 208 Extra"]
[Source "ChessBase"]
[SourceDate "2022.07.31"]
[SourceVersion "1"]
[SourceVersionDate "2022.07.31"]
[SourceQuality "1"]

1. e4 e6 2. d4 d5 3. Nd2 c5 4. exd5 Qxd5 5. Ngf3 cxd4 6. Bc4 Qd7 7. Nb3 Qc7 8. Bb5+ Bd7 9. Bxd7+ Nxd7 10. Nbxd4 a6 11. 0-0 Bc5 12. Re1 Ne7 13. Be3 0-0 14. c3 e5 15. Nb3 Bxe3 16. Rxe3 Ng6 17. Re1 Rae8 18. Nbd2 f5 19. Qb3+ Kh8 20. Rad1 Nc5 21. Qc2 e4 22. Nd4 Nd3 23. Rf1 Ngf4 24. N2b3 Qf7 25. Ne2 Qg6 26. Nxf4 Nxf4 27. g3 Qh5 28. gxf4 Qg4+ 0-1

[Event "FRM-ch op"]
[Site "Skopje"]
[Date "2022.04.30"]
[Round "2"]
[White "Zlatkov, Anton"]
[Black "Velkoski, Stojan"]
[Result "1-0"]
[WhiteElo "2106"]
[BlackElo "1940"]
[PlyCount "70"]
[EventDate "2022.04.29"]
[EventType "swiss"]
[EventRounds "9"]
[EventCountry "MKD"]
[SourceTitle "CBM 208 Extra"]
[Source "ChessBase"]
[SourceDate "2022.07.31"]
[SourceVersion "1"]
[SourceVersionDate "2022.07.31"]
[SourceQuality "1"]

1. Nf3 Nf6 2. g3 c5 3. Bg2 Nc6 4. 0-0 e5 5. d3 d5 6. e4 Be7 7. Nc3 0-0 8. exd5 Nxd5 9. Nxe5 Nxc3 10. Nxc6 Nxd1 11. Nxd8 Nxb2 12. Nxb7 Rb8 13. Bxb2 Bxb7 14. Be5 Bxg2 15. Kxg2 Rbc8 16. Rab1 c4 17. d4 Rfd8 18. Rb7 Ba3 19. c3 Rd5 20. Rfb1 f6 21. Bb8 a6 22. Rc7 Rxc7 23. Bxc7 Rb5 24. Rxb5 axb5 25. Kf3 Kf7 26. Ke4 Ke6 27. d5+ Kd7 28. Ba5 Bc5 29. f4 g6 30. g4 Bd6 31. h3 Bc5 32. f5 Kd6 33. Bd8 gxf5+ 34. gxf5 b4 35. Bxf6 b3 1-0

[Event "Struga Youth op-A 2nd"]
[Site "Struga"]
[Date "2021.09.11"]
[Round "5"]
[White "Velkoski, Stojan"]
[Black "Petreski, Leonid"]
[Result "0-1"]
[WhiteElo "1825"]
[BlackElo "1811"]
[PlyCount "93"]
[EventDate "2021.09.08"]
[EventType "swiss"]
[EventRounds "7"]
[EventCountry "MKD"]
[SourceTitle "CBM 204 Extra"]
[Source "ChessBase"]
[SourceDate "2021.11.30"]
[SourceVersion "1"]
[SourceVersionDate "2021.11.30"]
[SourceQuality "1"]

1. e4 e5 2. Nf3 Nc6 3. Bc4 Nf6 4. d3 Bc5 5. c3 0-0 6. 0-0 d5 7. exd5 Nxd5 8. a4 a6 9. a5 b5 10. axb6 Nxb6 11. Qb3 Bf5 12. Rxa6 Na5 13. Rxa8 Qxa8 14. Qb5 Bd6 15. Nxe5 Naxc4 16. Nxc4 Bxd3 17. Nxb6 Bxb5 18. Nxa8 Bxf1 19. Kxf1 Rxa8 20. Na3 Bxa3 21. bxa3 Kf8 22. Ke2 Ke7 23. Kd3 Kd6 24. Kc4 Kc6 25. g3 Ra4+ 26. Kd3 Kd5 27. Kc2 Kc4 28. g4 Ra5 29. f4 Ra8 30. h4 Re8 31. h5 f6 32. g5 Re2+ 33. Kd1 Kd3 34. h6 gxh6 35. gxf6 Re6 36. f7 Rf6 37. Ke1 Rxf7 38. Kf2 Kxc3 39. Kg3 Kd3 40. Kg4 Ke4 41. Kh5 c5 42. Kxh6 c4 43. a4 c3 44. a5 Ra7 45. f5 Kxf5 46. Be3 Rxa5 47. Kxh7 0-1

[Event "FRM-ch U16"]
[Site "Struga"]
[Date "2021.06.25"]
[Round "4"]
[White "Nikolovski, Branko Nikola"]
[Black "Velkoski, Stojan"]
[Result "0-1"]
[WhiteElo "1338"]
[BlackElo "1675"]
[PlyCount "64"]
[EventDate "2021.06.22"]
[EventType "swiss"]
[EventRounds "7"]
[EventCountry "MKD"]
[SourceTitle "EXT 2022"]
[Source "ChessBase"]
[SourceDate "2021.10.06"]
[SourceVersion "1"]
[SourceVersionDate "2021.10.06"]
[SourceQuality "1"]

1. e4 e6 2. d4 d5 3. exd5 exd5 4. Bd3 Nc6 5. c3 Bd6 6. Ne2 Nge7 7. 0-0 Bf5 8. Bf4 Bxd3 9. Qxd3 Qd7 10. Nd2 0-0-0 11. Bxd6 Qxd6 12. b4 Rdg8 13. a4 g5 14. b5 Nd8 15. c4 Qg6 16. Qb3 Ne6 17. Rfc1 Nf4 18. Nxf4 gxf4 19. g3 h5 20. cxd5 h4 21. Qc4 Nxd5 22. Qxd5 hxg3 23. hxg3 fxg3 24. f4 g2 25. Nf3 Qg3 26. Rxc7+ Kxc7 27. Qe5+ Kd7 28. Qf5+ Kd8 29. Qf6+ Kc8 30. Rc1+ Kb8 31. Qe5+ Ka8 32. Nh4 Rxh4 0-1

[Event "Balkan-ch U16"]
[Site "Tornelo INT"]
[Date "2020.11.01"]
[Round "5"]
[White "Krallis, Christos"]
[Black "Velkoski, Stojan"]
[Result "1-0"]
[WhiteElo "2174"]
[BlackElo "1479"]
[PlyCount "157"]
[EventDate "2020.10.31"]
[EventType "swiss"]
[EventRounds "7"]
[EventCountry "NET"]
[SourceTitle "EXT 2023"]
[Source "ChessBase"]
[SourceDate "2022.10.05"]
[SourceVersion "1"]
[SourceVersionDate "2022.10.05"]
[SourceQuality "1"]

1. e4 e6 2. Qe2 Be7 3. d4 d5 4. exd5 exd5 5. Bf4 Nf6 6. Nc3 c6 7. 0-0-0 0-0 8. h3 Re8 9. Qf3 Bf5 10. Bd3 Bxd3 11. Qxd3 Bd6 12. Bg5 Nbd7 13. Nf3 Qc7 14. Rhe1 h6 15. Be3 Ne4 16. Nd2 Ndf6 17. Ne2 Rac8 18. Nb3 a5 19. f3 Ng3 20. Bd2 b6 21. Kb1 a4 22. Nbc1 Nxe2 23. Nxe2 a3 24. b3 c5 25. dxc5 Bxc5 26. Bc3 Bf2 27. Bxf6 gxf6 28. c3 Bxe1 29. Rxe1 Qc5 30. Rd1 Qf2 31. Rd2 Qe1+ 32. Nc1 Re3 33. Rd1 Qxc3 34. Qxc3 Rexc3 35. Nd3 Rc2 36. g4 Rh2 37. Nb4 Rxh3 38. Nxd5 Rxf3 39. Ne7+ Kg7 40. Nxc8 Rf4 41. Nxb6 Rxg4 42. Nd5 h5 43. b4 h4 44. b5 Rg2 45. Rd3 Rb2+ 46. Kc1 Rxb5 47. Nf4 Rf5 48. Nh3 Kh6 49. Rxa3 Kh5 50. Kd2 Kg4 51. Ke2 Re5+ 52. Kf2 f5 53. Rf3 Ra5 54. a3 Ra4 55. Kg2 f4 56. Nf2+ Kg5 57. Rb3 f5 58. Kf3 Kh5 59. Nh3 Ra8 60. Nxf4+ Kg5 61. Nd5 Rd8 62. Nb6 Rd2 63. Nc4 Rh2 64. Re3 Ra2 65. Re2 Ra1 66. Rg2+ Kf6 67. Rc2 Rd1 68. a4 Rd3+ 69. Kg2 f4 70. a5 h3+ 71. Kh2 Kg5 72. a6 Rd7 73. Ra2 Kh4 74. a7 Rc7 75. a8Q Rxc4 76. Qh8+ Kg4 77. Qg8+ Kf3 78. Qxc4 Kg4 79. Qe2+ 1-0

[Event "Balkan-ch U16"]
[Site "Tornelo INT"]
[Date "2020.10.31"]
[Round "3"]
[White "Pobor, Milo"]
[Black "Velkoski, Stojan"]
[Result "1-0"]
[WhiteElo "1988"]
[BlackElo "1479"]
[PlyCount "79"]
[EventDate "2020.10.31"]
[EventType "swiss"]
[EventRounds "7"]
[EventCountry "NET"]
[SourceTitle "EXT 2023"]
[Source "ChessBase"]
[SourceDate "2022.10.05"]
[SourceVersion "1"]
[SourceVersionDate "2022.10.05"]
[SourceQuality "1"]

1. e4 e6 2. d4 d5 3. Nc3 Bb4 4. e5 c5 5. a3 Bxc3+ 6. bxc3 Qa5 7. Bd2 Qa4 8. Nf3 Nc6 9. dxc5 Qe4+ 10. Be2 Nxe5 11. Nxe5 Qxe5 12. 0-0 Nf6 13. Re1 Qc7 14. Be3 0-0 15. Bd3 e5 16. Bg5 e4 17. Bf1 Ng4 18. g3 Qxc5 19. Qd2 Ne5 20. Be2 f6 21. Be3 Qc6 22. Red1 Rd8 23. Bd4 Be6 24. Rab1 b6 25. Qf4 Qd6 26. Qe3 Qxa3 27. Kg2 Qd6 28. Ra1 Nc6 29. c4 Nxd4 30. Rxd4 Qe5 31. Rad1 Rac8 32. cxd5 Rxd5 33. Rxe4 Qd6 34. Rxe6 Rxd1 35. Rxd6 Rxd6 36. Qe7 Rdc6 37. Bg4 Rb8 38. Qxa7 Re8 39. Bd7 Re7 40. Qa8+ 1-0